[Event "Anapa Blitz op"]
[Site "Anapa"]
[Date "2023.10.06"]
[Round "6"]
[White "Afanasieva, Maria"]
[Black "Kryakvin, Andrey"]
[Result "1/2-1/2"]
[WhiteElo "1678"]
[BlackElo "1526"]
[PlyCount "155"]
[EventDate "2023.10.06"]
[EventType "swiss (blitz)"]
[EventRounds "13"]
[EventCountry "RUS"]
[SourceTitle "CBM 216 Extra"]
[Source "ChessBase"]
[SourceDate "2023.11.30"]
[SourceVersion "1"]
[SourceVersionDate "2023.11.30"]
[SourceQuality "1"]

1. d4 Nf6 2. c4 e6 3. Nf3 d5 4. Nc3 dxc4 5. e3 a6 6. Bxc4 b5 7. Bd3 Bb7 8. 0-0 Be7 9. a3 Nbd7 10. b4 0-0 11. Bb2 Nb6 12. Ne5 Nbd5 13. Nxd5 Nxd5 14. Rc1 Bd6 15. Qh5 Nf6 16. Qg5 h6 17. Qh4 Nd7 18. Qxd8 Rfxd8 19. Nc6 Bxc6 20. Rxc6 Nb8 21. Rc2 Ra7 22. Rfc1 Kf8 23. e4 Bf4 24. Rd1 Bg5 25. g3 Bf6 26. e5 Be7 27. Rdc1 Rd7 28. Be4 f6 29. f4 f5 30. Bc6 Nxc6 31. Rxc6 Kf7 32. Kf2 Bd8 33. Ke3 Rd5 34. R1c5 Rxc5 35. Rxc5 a5 36. Rxb5 axb4 37. Rxb4 Ra6 38. Rb3 Rc6 39. Kd3 Ra6 40. Bc3 Be7 41. Bb4 Rb6 42. Kc4 Rc6+ 43. Kd3 Rb6 44. Rc3 Bxb4 45. axb4 Rxb4 46. Rxc7+ Kf8 47. Rc2 Ra4 48. Kc3 Ke7 49. Kb3 Rxd4 50. Rc7+ Rd7 51. Rxd7+ Kxd7 52. Kb4 Kc6 53. Kc4 Kb6 54. Kb4 Kc6 55. Kc4 Kb6 56. Kb4 Kc6 57. Ka5 g5 58. Kb4 gxf4 59. gxf4 Kd5 60. Kb5 Ke4 61. Kc5 Kxf4 62. Kd6 Kg5 63. Kxe6 f4 64. Kd6 f3 65. e6 f2 66. e7 f1Q 67. e8Q Qd1+ 68. Kc5 Qc2+ 69. Kd4 Qd2+ 70. Kc4 Qf4+ 71. Kd3 Qf3+ 72. Qe3+ Kg4 73. Qxf3+ Kxf3 74. h4 h5 75. Kd2 Kg4 76. Ke3 Kxh4 77. Kf2 Kh3 78. Kf3 1/2-1/2

[Event "Anapa Blitz op"]
[Site "Anapa"]
[Date "2023.10.06"]
[Round "9"]
[White "Kryakvin, Andrey"]
[Black "Kryakvin, Dmitry"]
[Result "0-1"]
[WhiteElo "1526"]
[BlackElo "2471"]
[PlyCount "75"]
[EventDate "2023.10.06"]
[EventType "swiss (blitz)"]
[EventRounds "13"]
[EventCountry "RUS"]
[SourceTitle "CBM 216 Extra"]
[Source "ChessBase"]
[SourceDate "2023.11.30"]
[SourceVersion "1"]
[SourceVersionDate "2023.11.30"]
[SourceQuality "1"]

1. Nf3 d5 2. g3 c6 3. Bg2 Bg4 4. Ne5 Bh5 5. 0-0 Nd7 6. Nxd7 Qxd7 7. d4 Nf6 8. c4 e6 9. Nc3 dxc4 10. f3 Rd8 11. Be3 Nd5 12. Bf2 Be7 13. e4 Nxc3 14. bxc3 0-0 15. Qe2 b5 16. a4 a6 17. axb5 axb5 18. Ra6 Qb7 19. Rfa1 Ra8 20. Qa2 Rxa6 21. Qxa6 Qxa6 22. Rxa6 Rc8 23. g4 Bg6 24. f4 f6 25. e5 Be8 26. Ra7 Kf8 27. f5 Bf7 28. Ra6 exf5 29. gxf5 Be8 30. e6 Bd8 31. Bg3 Be7 32. Bf2 g6 33. Be3 gxf5 34. Ra7 Bd6 35. Bh6+ Kg8 36. Rg7+ Kh8 37. Ra7 Bg6 38. Bg7+ 0-1

[Event "Kerkinitida Cup Rapid"]
[Site "Evpatoria"]
[Date "2023.09.02"]
[Round "10"]
[White "Mukhtarova, Anastasiia"]
[Black "Kryakvin, Andrey"]
[Result "1-0"]
[WhiteElo "1835"]
[BlackElo "1526"]
[PlyCount "65"]
[EventDate "2023.08.31"]
[EventType "swiss (rapid)"]
[EventRounds "11"]
[EventCountry "UKR"]
[SourceTitle "CBM 216 Extra"]
[Source "ChessBase"]
[SourceDate "2023.11.30"]
[SourceVersion "1"]
[SourceVersionDate "2023.11.30"]
[SourceQuality "1"]

1. c4 e6 2. Nf3 d5 3. e3 Nf6 4. b3 Be7 5. Bb2 0-0 6. Be2 c5 7. 0-0 Nc6 8. cxd5 exd5 9. d4 Bf5 10. a3 cxd4 11. Nxd4 Bg6 12. Nd2 Ne4 13. N2f3 Bf6 14. Rc1 Rc8 15. b4 Qb6 16. Qb3 Nxd4 17. Bxd4 Bxd4 18. exd4 Qf6 19. Rfe1 Bh5 20. Qxd5 Nc3 21. Rxc3 Rxc3 22. Qxh5 Rxa3 23. Qc5 Re8 24. Ne5 Ra2 25. Qd5 Rc8 26. Qxa2 Qf4 27. Bc4 Qxd4 28. Bxf7+ Kh8 29. Be6 Qxe5 30. Qa1 Qxa1 31. Rxa1 Rd8 32. g3 a6 33. Rc1 1-0

[Event "Yalta Yialos op"]
[Site "Yalta"]
[Date "2023.08.22"]
[Round "7"]
[White "Irikh, Asan"]
[Black "Kryakvin, Andrey"]
[Result "0-1"]
[WhiteElo "1329"]
[BlackElo "1526"]
[PlyCount "65"]
[EventDate "2023.08.16"]
[EventType "swiss"]
[EventRounds "9"]
[EventCountry "UKR"]
[SourceTitle "CBM 216 Extra"]
[Source "ChessBase"]
[SourceDate "2023.11.30"]
[SourceVersion "1"]
[SourceVersionDate "2023.11.30"]
[SourceQuality "1"]

1. Nf3 Nf6 2. g3 e6 3. Bg2 d5 4. c4 Be7 5. 0-0 0-0 6. d4 dxc4 7. Qc2 Bd7 8. Qxc4 Bc6 9. Nc3 a6 10. a4 b5 11. Qb3 b4 12. Na2 Bd5 13. Qd3 c5 14. dxc5 Bxc5 15. Bf4 Nbd7 16. Nc1 Ba7 17. Nb3 Nc5 18. Nxc5 Bxc5 19. Ne5 Bxg2 20. Kxg2 Nd5 21. Bd2 Qc7 22. Nf3 Rfd8 23. Qc4 Nb6 24. Qg4 Qb7 25. Bh6 f5 26. Qg5 Kh8 27. Rac1 Bf8 28. Qh4 gxh6 29. Qf6+ Bg7 30. Qxe6 Nxa4 31. b3 Nc3 32. Qxf5 Nxe2 33. Ra1 0-1

[Event "Alushta Blitz op"]
[Site "Alushta"]
[Date "2023.07.14"]
[Round "5"]
[White "Kryakvin, Andrey"]
[Black "Jary, Sergey"]
[Result "0-1"]
[WhiteElo "1526"]
[BlackElo "2233"]
[PlyCount "110"]
[EventDate "2023.07.14"]
[EventType "swiss (blitz)"]
[EventRounds "13"]
[EventCountry "UKR"]
[SourceTitle "CBM 215 Extra"]
[Source "ChessBase"]
[SourceDate "2023.09.30"]
[SourceVersion "1"]
[SourceVersionDate "2023.09.30"]
[SourceQuality "1"]

1. Nf3 g6 2. g3 Bg7 3. Bg2 e5 4. d3 d5 5. 0-0 Ne7 6. Nbd2 0-0 7. e4 c6 8. Re1 d4 9. a4 b5 10. Nb3 Nd7 11. axb5 cxb5 12. Bd2 Nc6 13. Na5 Qc7 14. Nxc6 Qxc6 15. c3 dxc3 16. Bxc3 Bb7 17. Qe2 Rfd8 18. Rec1 Qd6 19. Ba5 Rdc8 20. Ne1 Nc5 21. Bb4 Qb6 22. Rxc5 Rxc5 23. Bxc5 Qxc5 24. Qe3 Bf8 25. Rc1 Qxe3 26. fxe3 Rc8 27. Rxc8 Bxc8 28. Nc2 Be6 29. Kf2 a5 30. Bf3 Bb3 31. Bd1 b4 32. Ke1 Bc5 33. Ke2 Kf8 34. d4 Bd6 35. d5 f5 36. exf5 gxf5 37. Ne1 Bc4+ 38. Kf2 Bxd5 39. Nd3 Ke7 40. Bc2 b3 41. Bd1 a4 42. Nc1 Bb4 43. Nd3 Bd6 44. Nc1 Bb4 45. Nd3 Bd6 46. Nc1 e4 47. Be2 Be5 48. Bb5 Bxb2 49. Nxb3 axb3 50. Ke2 Bc3 51. Kd1 Kd6 52. Be8 Kc5 53. Bh5 Bc4 54. Be8 Kb4 55. Kc1 Bd3 0-1

[Event "Alushta Blitz op"]
[Site "Alushta"]
[Date "2023.07.14"]
[Round "8"]
[White "Zhurov, Sergey"]
[Black "Kryakvin, Andrey"]
[Result "0-1"]
[WhiteElo "2226"]
[BlackElo "1526"]
[PlyCount "61"]
[EventDate "2023.07.14"]
[EventType "swiss (blitz)"]
[EventRounds "13"]
[EventCountry "UKR"]
[SourceTitle "CBM 215 Extra"]
[Source "ChessBase"]
[SourceDate "2023.09.30"]
[SourceVersion "1"]
[SourceVersionDate "2023.09.30"]
[SourceQuality "1"]

1. e4 c5 2. Nc3 Nc6 3. Bb5 Nf6 4. Bxc6 bxc6 5. d3 d6 6. f4 g6 7. Nf3 Bg7 8. 0-0 0-0 9. h3 Nd7 10. f5 Ne5 11. Qe1 d5 12. fxg6 fxg6 13. Nxe5 Rxf1+ 14. Qxf1 Bxe5 15. Qf3 dxe4 16. Nxe4 Be6 17. Kh1 Qf8 18. Qxf8+ Rxf8 19. Be3 c4 20. d4 Bg7 21. Kg1 Bd5 22. Nc3 e5 23. dxe5 Bxe5 24. Nxd5 cxd5 25. Bxa7 Bxb2 26. Rb1 Bg7 27. Rb8 Bd4+ 28. Bxd4 Rxb8 29. a3 Rb1+ 30. Kf2 Rc1 31. Ke3 0-1

[Event "Alushta Rapid op"]
[Site "Alushta"]
[Date "2023.07.13"]
[Round "11"]
[White "Kryakvin, Andrey"]
[Black "Oorzhak, Aldar"]
[Result "1-0"]
[WhiteElo "1526"]
[BlackElo "1814"]
[PlyCount "51"]
[EventDate "2023.07.11"]
[EventType "swiss (rapid)"]
[EventRounds "11"]
[EventCountry "UKR"]
[SourceTitle "CBM 215 Extra"]
[Source "ChessBase"]
[SourceDate "2023.09.30"]
[SourceVersion "1"]
[SourceVersionDate "2023.09.30"]
[SourceQuality "1"]

1. Nf3 d5 2. g3 Nf6 3. Bg2 e6 4. 0-0 Be7 5. d4 0-0 6. c4 dxc4 7. Ne5 c6 8. Nxc4 b5 9. Ne5 Bb7 10. Nc3 a6 11. Bf4 Nd5 12. Nxd5 cxd5 13. Rc1 Bd6 14. Qb3 Bxe5 15. dxe5 Nc6 16. h4 Rc8 17. Rfd1 Qe7 18. Bg5 Qd7 19. Qe3 Na5 20. Bf6 gxf6 21. exf6 Kh8 22. Qh6 Rg8 23. Be4 Rg6 24. Rxc8+ Bxc8 25. Bxg6 fxg6 26. Qf8# 1-0

[Event "Alushta Rapid op"]
[Site "Alushta"]
[Date "2023.07.11"]
[Round "4"]
[White "Triapishko, Alexandr"]
[Black "Kryakvin, Andrey"]
[Result "1-0"]
[WhiteElo "2506"]
[BlackElo "1526"]
[PlyCount "65"]
[EventDate "2023.07.11"]
[EventType "swiss (rapid)"]
[EventRounds "11"]
[EventCountry "UKR"]
[SourceTitle "CBM 215 Extra"]
[Source "ChessBase"]
[SourceDate "2023.09.30"]
[SourceVersion "1"]
[SourceVersionDate "2023.09.30"]
[SourceQuality "1"]

1. c4 e6 2. Nf3 Nf6 3. d4 Bb4+ 4. Bd2 Qe7 5. g3 b6 6. Bg2 Bb7 7. 0-0 Bxd2 8. Qxd2 0-0 9. Nc3 d6 10. d5 e5 11. Nh4 g6 12. Qg5 Kh8 13. f4 Ng8 14. Qxe7 Nxe7 15. fxe5 dxe5 16. d6 Nec6 17. dxc7 Na6 18. Rad1 Rac8 19. Nb5 Na5 20. b3 Bxg2 21. Nxg2 Nxc7 22. Nd6 f5 23. Nxc8 Rxc8 24. Rd7 Nc6 25. e4 Nd4 26. exf5 Nxf5 27. Nh4 Nxh4 28. gxh4 Ne6 29. Re7 Nf4 30. Rxe5 Nd3 31. Re7 a5 32. Rff7 Re8 33. Rxe8# 1-0

[Event "Alushta op"]
[Site "Alushta"]
[Date "2023.07.09"]
[Round "8"]
[White "Chudinovskikh, Alexander M"]
[Black "Kryakvin, Andrey"]
[Result "1-0"]
[WhiteElo "2070"]
[BlackElo "1526"]
[PlyCount "99"]
[EventDate "2023.07.02"]
[EventType "swiss"]
[EventRounds "9"]
[EventCountry "UKR"]
[SourceTitle "CBM 215 Extra"]
[Source "ChessBase"]
[SourceDate "2023.09.30"]
[SourceVersion "1"]
[SourceVersionDate "2023.09.30"]
[SourceQuality "1"]

1. Nf3 Nf6 2. c4 e6 3. b3 d5 4. Bb2 Be7 5. g3 0-0 6. Bg2 c5 7. 0-0 Nc6 8. cxd5 Nxd5 9. d4 cxd4 10. Nxd4 Bf6 11. Na3 Bd7 12. Nc4 a6 13. Rc1 Nxd4 14. Bxd4 Bc6 15. Ne5 Rc8 16. a3 Bxe5 17. Bxe5 Qg5 18. Bb2 Rfd8 19. Qd4 Ne7 20. Qe5 Qxe5 21. Bxe5 Rd2 22. e4 Rd3 23. Rb1 f6 24. Bf4 e5 25. Be3 Bd7 26. Rfd1 Rcc3 27. Rxd3 Rxd3 28. Bf1 Rc3 29. Bc4+ Kf8 30. Rb2 b5 31. Bd2 Rxc4 32. bxc4 bxc4 33. Rb6 Bb5 34. Bb4 Bd7 35. Rxa6 Kf7 36. Ra7 Ke6 37. Bxe7 Kxe7 38. Rc7 Kd6 39. Rxc4 Bb5 40. Rc1 Bc6 41. f3 Kc7 42. Kf2 Kb6 43. Ke3 Bb5 44. Rc8 Bd7 45. Rg8 g6 46. Rg7 Be6 47. Rxh7 f5 48. Rh6 fxe4 49. Rxg6 exf3 50. Rxe6+ 1-0

[Event "Alushta op"]
[Site "Alushta"]
[Date "2023.07.06"]
[Round "5"]
[White "Petrov, Alexander3"]
[Black "Kryakvin, Andrey"]
[Result "1-0"]
[WhiteElo "1929"]
[BlackElo "1526"]
[PlyCount "89"]
[EventDate "2023.07.02"]
[EventType "swiss"]
[EventRounds "9"]
[EventCountry "UKR"]
[SourceTitle "CBM 215 Extra"]
[Source "ChessBase"]
[SourceDate "2023.09.30"]
[SourceVersion "1"]
[SourceVersionDate "2023.09.30"]
[SourceQuality "1"]

1. e4 c5 2. d4 cxd4 3. Qxd4 Nc6 4. Qd3 Nf6 5. Nc3 g6 6. Nf3 d6 7. Be2 Bg7 8. 0-0 0-0 9. Nd5 Nxd5 10. exd5 Ne5 11. Nxe5 Bxe5 12. c3 Bf5 13. Qd1 Qb6 14. a4 Bd7 15. a5 Qc7 16. f4 Bg7 17. Qd3 e6 18. dxe6 Bxe6 19. Rd1 Rfd8 20. Be3 Bb3 21. Re1 d5 22. Qb5 Bc2 23. Bf3 Be4 24. Bxe4 dxe4 25. Rad1 b6 26. axb6 axb6 27. Bxb6 Rxd1 28. Rxd1 Qxf4 29. Qd5 Rb8 30. Rf1 Qe5 31. Qxf7+ Kh8 32. Bd4 Qxd4+ 33. cxd4 Bxd4+ 34. Kh1 e3 35. Qd5 Bxb2 36. Qe4 Bg7 37. Qxe3 h6 38. g3 Rb2 39. Qe4 Kh7 40. Rf7 Ra2 41. Rxg7+ Kxg7 42. Qe7+ Kh8 43. Qf8+ Kh7 44. Qf7+ Kh8 45. Qxa2 1-0

[Event "Alushta op"]
[Site "Alushta"]
[Date "2023.07.04"]
[Round "3"]
[White "Shajakhmetov, Linat"]
[Black "Kryakvin, Andrey"]
[Result "0-1"]
[WhiteElo "2039"]
[BlackElo "1526"]
[PlyCount "81"]
[EventDate "2023.07.02"]
[EventType "swiss"]
[EventRounds "9"]
[EventCountry "UKR"]
[SourceTitle "CBM 215 Extra"]
[Source "ChessBase"]
[SourceDate "2023.09.30"]
[SourceVersion "1"]
[SourceVersionDate "2023.09.30"]
[SourceQuality "1"]

1. d4 Nf6 2. c4 e6 3. g3 d5 4. Nf3 Bb4+ 5. Bd2 Bxd2+ 6. Qxd2 0-0 7. Bg2 c6 8. 0-0 Nbd7 9. Qc2 b6 10. Rd1 Bb7 11. Nc3 Qe7 12. b3 c5 13. cxd5 Nxd5 14. Nxd5 Bxd5 15. e4 Bb7 16. d5 exd5 17. exd5 Qd6 18. Nd2 Nf6 19. Nc4 Qd7 20. Ne5 Qd6 21. Nc6 Rfe8 22. a3 a5 23. Rab1 Ba6 24. Bf3 Bb5 25. b4 axb4 26. axb4 Ba4 27. bxc5 bxc5 28. Qd3 Bxd1 29. Qxd1 Ra2 30. Qb3 Rea8 31. Qb7 Ra1 32. Kg2 g6 33. Rb6 Nxd5 34. Ne7+ Qxe7 35. Qxd5 Rd8 36. Qb3 Qe1 37. Kh3 Qf1+ 38. Kg4 Rd4+ 39. Kg5 Kg7 40. Qb2 Qd1 41. Qc1 0-1